Tratado de derecho penal espaǫl. T. II, El sistema de la parte especial. V. 1, Delitos contra bienes jurd̕icos individuales

Detalles Bibliográficos
Autor principal: Blanco Lozano, Carlos
Formato: Desconocido
Lenguaje:español
Publicado: Barcelona : JMB, D.L. 2005
Materias:
Acceso en línea:Acceso restringido

MARC

LEADER 00000ny a22000003n 4500
005 20110224150534.0
008 050530s2005 sp f 000 0 spa d
020 |a 9788476987292 
035 |a 664 
040 |a BUS  |d vLex 
080 |a 343(460)(075.8) 
090 |c 20  |d 20 
100 1 |a Blanco Lozano, Carlos 
245 1 0 |a Tratado de derecho penal espaǫl.  |n T. II,  |p El sistema de la parte especial.  |n V. 1,  |p Delitos contra bienes jurd̕icos individuales  |h [Recurso electrn̤ico]  |c Carlos Blanco Lozano 
256 |a Servicio en ln̕ea 
260 |a Barcelona :  |b JMB,  |c D.L. 2005 
300 |a 675 p. ; 
506 1 |a Contenido solo disponible en los productos indicados  |d vLex Global  |d vLex Global (Academic Edition, excluding Law Schools)  |d vLex Global (U.S. Academic Edition, Law Schools)  |d vLex Global (U.S. Academic Edition, excluding Law Schools)  |d vLex Global (Academic Edition, Law Schools) 
650 0 7 |a Derecho penal  |2 Tesauro vLex 
650 0 7 |a Penal  |2 Tesauro vLex 
740 0 |a vLex Libros (Servicios en ln̕ea) 
856 4 0 |z Acceso restringido  |u http://vlex.com/source/tratado-derecho-penal-espa-ol-664 
942 |c BOOK 
999 0 |a Criminal Law  |b Spain